000 00594nam a2200229 4500
003 OSt
005 20231021094029.0
008 150323b xxu||||| |||| 00| 0 eng d
020 _a0412621509
040 _c040a
082 _a510 JEF 1996
100 _aJeffrey, Alan
_93240
245 _aMathematics for Engineers and Scientists
250 _a5th. ed
260 _aLondon;
_bChapman and Hall,
_c1996
300 _axvi, 911p;
_bill :
_c12 cm
504 _aincludes index
650 _aMathematics
_9810
650 _aEngineering
_9373
650 _aScientists
_916802
942 _2ddc
_cSLOAN
999 _c1195
_d1195